On my terms : (Record no. 100044)

MARC details
000 -LEADER
fixed length control field 01260nam a22002897a 4500
005 - DATE AND TIME OF LATEST TRANSACTION
control field 20170504101329.0
010 ## - LCCN (DPL NO)
LC control number 1617EN ENG-115135
020 ## - INTERNATIONAL STANDARD BOOK NUMBER
International Standard Book Number 9789385755392
Terms of availability 699.00
035 ## - SYSTEM CONTROL NUMBER
System control number B-652130-134
035 ## - SYSTEM CONTROL NUMBER
System control number B-666207
035 ## - SYSTEM CONTROL NUMBER
System control number EN-98667
037 ## - SOURCE OF ACQUISITION
Source of stock number/acquisition Pragati
Stock number dpl
037 ## - SOURCE OF ACQUISITION
Source of stock number/acquisition DBAD/PUB
082 ## - DEWEY DECIMAL CLASSIFICATION NUMBER
Classification number 921
100 ## - MAIN ENTRY--PERSONAL NAME
Personal name Pawar, Sharad
245 ## - TITLE STATEMENT
Title On my terms :
Remainder of title from the grassroots to the corridors of power /
Statement of responsibility, etc by Sharad Pawar
260 ## - PUBLICATION, DISTRIBUTION, ETC. (IMPRINT)
Place of publication, distribution, etc New Delhi
Name of publisher, distributor, etc Speaking Tiger
Date of publication, distribution, etc 2016
270 ## - ADDRESS
Address 4381/4 Ansari Road, Daryaganj,
City New Delhi
Postal code 110002
300 ## - PHYSICAL DESCRIPTION
Extent xii,264p., 32 unnumbered pages of plates :
Dimensions 23cm(Hb)
Other physical details ill.
500 ## - GENERAL NOTE
General note Includes pictures
600 ## - SUBJECT ADDED ENTRY--PERSONAL NAME
Personal name Pavāra, Śarada,
Dates associated with a name 1940-
650 ## - SUBJECT ADDED ENTRY--TOPICAL TERM
Topical term or geographic name as entry element Chief ministers
Geographic subdivision India
-- Maharashtra
Form subdivision Biography.
650 ## - SUBJECT ADDED ENTRY--TOPICAL TERM
Topical term or geographic name as entry element Politicians
Geographic subdivision India
-- Maharashtra
Form subdivision Biography.
942 ## - ADDED ENTRY ELEMENTS (KOHA)
Source of classification or shelving scheme Dewey Decimal Classification
Item type English Books
Call number suffix PAW
Classification part 921
Holdings
Withdrawn status Lost status Not for loan Collection code Home library Current library Date acquired Source of acquisition Cost, normal purchase price Full call number Barcode Copy number Cost, replacement price Koha item type
      Non-fiction Ashok Vihar Ashok Vihar 04/05/2017 BPPD/EN/2016-17/AV/2016-17/466/15.2.2017/566/28.2.2017/ 10.3.2017 699.00 921 PAW B-666207 1 669.00 English Books
    Not For Loan Non-fiction D.B.Act.Division Bawana 23/05/2016 DBAD/PUB 699.00 921 PAW EN-98667 1 699.00 English Books
      Non-fiction Central Library Central Library 13/02/2017 BPPD/EN/2016-17/300/24.11.2016/IN341/2.12.2017/4.1.2017 699.00 921 PAW B-652130 1 699.00 English Books
      Non-fiction Janak Puri Janak Puri 13/02/2017 BPPD/EN/2016-17/300/24.11.2016/IN341/2.12.2017/4.1.2017 699.00 921 PAW B-652132 1 699.00 English Books
      Non-fiction Karol Bagh Karol Bagh 13/02/2017 BPPD/EN/2016-17/300/24.11.2016/IN341/2.12.2017/4.1.2017 699.00 921 PAW B-652133 1 699.00 English Books
      Non-fiction Patel Nagar Patel Nagar 13/02/2017 BPPD/EN/2016-17/300/24.11.2016/IN341/2.12.2017/4.1.2017 699.00 921 PAW B-652131 1 699.00 English Books
      Non-fiction Shahdara Branch Shahdara Branch 13/02/2017 BPPD/EN/2016-17/300/24.11.2016/IN341/2.12.2017/4.1.2017 699.00 921 PAW B-652134 1 699.00 English Books

© Delhi Public Library
Hit Counter
free hit counter